| 000 | 00426cam a22001097a 4500 | ||
|---|---|---|---|
| 008 | 180718b1955 xxu||||| |||| 00| 0 eng d | ||
| 082 | _aQ503x42 Un3 | ||
| 245 |
_aReported decisions of the commissioner under the national insurance acts _cby Ministry of Pensions and National Insurance |
||
| 260 |
_aLondon _bHer Majesty's Stationery Office _c1955 |
||
| 300 | _a1v. v.p. | ||
| 700 | _aU.K. Ministry of Pensions and National Insurance | ||
| 999 |
_c421662 _d421662 |
||